Statistics for Departments of Nicaragua

Click here to take the quiz!

General Stats

  • This quiz has been taken 475 times
  • The average score is 11 of 17

Answer Stats

PopulationDepartment% Correct
1,262,978Managua
95%
355,779León
82%
156,283Rivas
71%
289,988Masaya
70%
378,970Chinandega
68%
168,186Granada
67%
201,548Estelí
66%
469,172Matagalpa
65%
150,636Boaco
61%
331,335Jinotega
61%
153,932Chontales
60%
95,596Río San Juan
59%
166,073Carazo
53%
132,459Madriz
53%
208,523Nueva Segovia
53%
314,130 (Autonomous Region)Atlántico Norte
51%
306,510 (Autonomous Region)Atlántico Sur
50%

Score Distribution

Percentile by Number Answered

Percent of People with Each Score

Your Score History

You have not taken this quiz